Spaces with non-symmetric distance

Αποθηκεύτηκε σε:
Λεπτομέρειες βιβλιογραφικής εγγραφής
Κύριος συγγραφέας: Zaustinskiy, Eugene
Μορφή: Βιβλίο
Γλώσσα:English
Δημοσίευση: Providence, R.I. : American Mathematical Society, 1959
Σειρά:Memoirs of the American Mathematical Society ; ; 34
Θέματα:
Ετικέτες: Προσθήκη ετικέτας
Δεν υπάρχουν, Καταχωρήστε ετικέτα πρώτοι!

MARC

LEADER 00000nam a2200000 i 4500
001 1/45472
008 941103s1959 eng d
020 |a 0-8218-1234-3 
035 |a 1993  |l 10042549 
040 |a GR-MY-UA  |b gre  |e aacr 
041 0 |a eng 
082 0 |a 516.37 
100 1 |a Zaustinskiy, Eugene. 
245 1 0 |a Spaces with non-symmetric distance /  |c Eugene M. Zaustinsky 
260 |a Providence, R.I. :   |b American Mathematical Society,   |c 1959 
300 |a 91 p.;  |b illus.;  |c 26 cm. 
490 1 |a Memoirs of the American Mathematical Society  |v ; 34 
500 |a Bibliography: p. 90 
650 0 0 |a Generalized spaces. 
650 0 0 |a Distance geometry. 
830 0 |a Memoirs of the American Mathematical Society ;  |v ; 34 
852 |a INST  |b SAMOS  |e 19941103  |h 516.37 ZAU  |p 005300002730  |q 005300002730  |t BK  |y 0 
909 |a Σ  |b 030510